000 00643nam a2200181 a 4500
008 060316s1987 ||||||||||||||||| || u
020 _a047180827X
050 _aTA 683.2 Fli
100 _aFling, Russell S
245 1 0 _aPractical design of reinforced concrete
260 _aNew York :
_bJohn Wiley and Sons
_c1987
300 _axviii, 516 p. : ill.
350 _a0.00
500 _aIncludes bibliographies
650 _aREINFORCED CONCRETE CONTRUCTION
650 _aSTRUCTURAL DESIGN
995 _D0.00
_FCBU-MAIN LIBRARY (Kitwe)
_H1
_I35.60
_M1
_UDAMAGED
_ZMain Library Open Access Collection
999 _c54226
_d54226